<?xml version="1.0" encoding="UTF-8"?>
<record
    xmlns:xsi="http://www.w3.org/2001/XMLSchema-instance"
    xsi:schemaLocation="http://www.loc.gov/MARC21/slim http://www.loc.gov/standards/marcxml/schema/MARC21slim.xsd"
    xmlns="http://www.loc.gov/MARC21/slim">

  <leader>01220nam a22001697a 4500</leader>
  <controlfield tag="008">110620t        xxu||||| |||| 00| 0 eng d</controlfield>
  <datafield tag="010" ind1=" " ind2=" ">
    <subfield code="a">CACAF-61</subfield>
  </datafield>
  <datafield tag="245" ind1=" " ind2=" ">
    <subfield code="a">Court of Appeal Civil Appeal No. 35 of 2002 Kikonda Butema Farms Ltd Vs The Inspector General of Government.</subfield>
  </datafield>
  <datafield tag="260" ind1=" " ind2=" ">
    <subfield code="c">2002</subfield>
  </datafield>
  <datafield tag="500" ind1=" " ind2=" ">
    <subfield code="a">Hon Lady Justice A.E.N. Mpagi-Bahigeine, JA   Hon Lady Justice C.N.B. Kitumba, JA  Hon. Lady Justice C.K.Byamugisha,JA.</subfield>
  </datafield>
  <datafield tag="500" ind1=" " ind2=" ">
    <subfield code="a">Arising out of the ruling and order of the High Court of Uganda sitting at Kampala Katitsi J. dated the 13/March/2002 in High Court Miscellaneous Cause No. 130 of 2001</subfield>
  </datafield>
  <datafield tag="999" ind1=" " ind2=" ">
    <subfield code="c">3386</subfield>
    <subfield code="d">3386</subfield>
  </datafield>
  <datafield tag="952" ind1=" " ind2=" ">
    <subfield code="0">0</subfield>
    <subfield code="1">0</subfield>
    <subfield code="2">ddc</subfield>
    <subfield code="4">0</subfield>
    <subfield code="6">CACAF_61</subfield>
    <subfield code="7">0</subfield>
    <subfield code="9">5486</subfield>
    <subfield code="a">MAIN</subfield>
    <subfield code="b">MAIN</subfield>
    <subfield code="c">LRP</subfield>
    <subfield code="d">2011-06-20</subfield>
    <subfield code="l">0</subfield>
    <subfield code="o">CACAF-61</subfield>
    <subfield code="p">35/2002/2</subfield>
    <subfield code="r">2011-06-20 00:00:00</subfield>
    <subfield code="y">URC</subfield>
  </datafield>
  <datafield tag="952" ind1=" " ind2=" ">
    <subfield code="0">0</subfield>
    <subfield code="1">0</subfield>
    <subfield code="2">ddc</subfield>
    <subfield code="4">0</subfield>
    <subfield code="6">CACAF_61</subfield>
    <subfield code="7">0</subfield>
    <subfield code="9">5487</subfield>
    <subfield code="a">MAIN</subfield>
    <subfield code="b">MAIN</subfield>
    <subfield code="c">LRP</subfield>
    <subfield code="d">2011-06-20</subfield>
    <subfield code="l">0</subfield>
    <subfield code="o">CACAF-61</subfield>
    <subfield code="p">35/2002/3</subfield>
    <subfield code="r">2011-06-20 00:00:00</subfield>
    <subfield code="w">2011-06-20</subfield>
    <subfield code="y">URC</subfield>
  </datafield>
  <datafield tag="952" ind1=" " ind2=" ">
    <subfield code="0">0</subfield>
    <subfield code="1">0</subfield>
    <subfield code="2">ddc</subfield>
    <subfield code="4">0</subfield>
    <subfield code="6">CACAF_61</subfield>
    <subfield code="7">0</subfield>
    <subfield code="9">5488</subfield>
    <subfield code="a">MAIN</subfield>
    <subfield code="b">MAIN</subfield>
    <subfield code="c">LRP</subfield>
    <subfield code="d">2011-06-20</subfield>
    <subfield code="l">0</subfield>
    <subfield code="o">CACAF-61</subfield>
    <subfield code="p">35/2002/4</subfield>
    <subfield code="r">2011-06-20 00:00:00</subfield>
    <subfield code="w">2011-06-20</subfield>
    <subfield code="y">URC</subfield>
  </datafield>
  <datafield tag="952" ind1=" " ind2=" ">
    <subfield code="0">0</subfield>
    <subfield code="1">0</subfield>
    <subfield code="2">ddc</subfield>
    <subfield code="4">0</subfield>
    <subfield code="6">CACAF_61</subfield>
    <subfield code="7">0</subfield>
    <subfield code="9">5489</subfield>
    <subfield code="a">MAIN</subfield>
    <subfield code="b">MAIN</subfield>
    <subfield code="c">LRP</subfield>
    <subfield code="d">2011-06-20</subfield>
    <subfield code="l">0</subfield>
    <subfield code="o">CACAF-61</subfield>
    <subfield code="p">35/2002/5</subfield>
    <subfield code="r">2011-06-20 00:00:00</subfield>
    <subfield code="w">2011-06-20</subfield>
    <subfield code="y">URC</subfield>
  </datafield>
  <datafield tag="952" ind1=" " ind2=" ">
    <subfield code="0">0</subfield>
    <subfield code="1">0</subfield>
    <subfield code="2">ddc</subfield>
    <subfield code="4">0</subfield>
    <subfield code="6">CACAF_61</subfield>
    <subfield code="7">0</subfield>
    <subfield code="9">5490</subfield>
    <subfield code="a">MAIN</subfield>
    <subfield code="b">MAIN</subfield>
    <subfield code="c">LRP</subfield>
    <subfield code="d">2011-06-20</subfield>
    <subfield code="l">0</subfield>
    <subfield code="o">CACAF-61</subfield>
    <subfield code="p">35/2002/6</subfield>
    <subfield code="r">2011-06-20 00:00:00</subfield>
    <subfield code="w">2011-06-20</subfield>
    <subfield code="y">URC</subfield>
  </datafield>
</record>
